Fallas en los sistemas de potencia y su influencia en los conductores eléctricos aislados

שמור ב:
מידע ביבליוגרפי
מחבר ראשי: Gómez Laurent, Eduardo
פורמט: ספר
יצא לאור: [San José , Costa Rica] 1975
תגים: הוספת תג
אין תגיות, היה/י הראשונ/ה לתייג את הרשומה!

MARC

LEADER 00000nam a2200000Ia 4500
003 PIE058
005 20231115105140.0
008 140116s1975 c a m 000 ||s d
040 |c cru CEDI 
090 |a PIE 58 
100 |a Gómez Laurent, Eduardo  |9 18244 
245 |a Fallas en los sistemas de potencia y su influencia en los conductores eléctricos aislados 
260 |a [San José , Costa Rica]  |c 1975 
300 |a 36 hojas  
500 |a A la Cabeza de la portada. Universidad de Costa Rica.  
942 |c PIE  |h PIE-58  |i PIE058  |6 PIE_58_PIE058 
999 |c 13433  |d 13433